History Quiz

Random History Quiz

Gafes políticas Quiz Stats

 Plays Quiz not verified by Sporcle

Also try: The Kennedy Family
Challenge
Share
Tweet
Embed
Score 0/10 Timer 05:00
0 Plays Today
gafe autor % Correct
'Nunca antes na história desse país...'Lula
100%
'Isso aqui nem parece a África'Lula
100%
'Eu tenho aquilo roxo'Fernando Collor
70.4%
'Relaxa e goza'Marta Suplicy
59.3%
'Estupra, mas não mata'Paulo Maluf
59.3%
'prometo colocar luz encanada em toda Brasília' Joaquim Roriz
51.9%
'Vagabundo, respeite os doentes!'Gilberto Kassab
48.1%
'O meio ambiente é, sem dúvida, uma ameaça para o desenvolvimento sustentável'Dilma Roussef
40.7%
'Deus me ajudou e eu ganhei dinheiro'João Alves
29.6%
'Afinal, cachorro também é ser humano'Rogério Magri
25.9%

You're not logged in!

Compare scores with friends on all Sporcle quizzes.
OR
Log In

You Might Also Like...

Show Comments

Extras

Created Dec 20, 2009ReportNominate
Tags:dica, gave

Top Quizzes Today


Score Distribution

Your Account Isn't Verified!

In order to create a playlist on Sporcle, you need to verify the email address you used during registration. Go to your Sporcle Settings to finish the process.

Report this User

Report this user for behavior that violates our Community Guidelines.

Details: